00580nam a22001817a 4500003000500000005001700005008004100022010001000063011001000073035001000083040000900093100003300102245008100135260004100216300001000257502009100267650004000358CHAP20220817042715.0971013s1972 r 00010 d a52939 a53911 a58061 cCHAP00aSánchez Olvera, Agustín. aReconocimiento preliminar de los nemátodos en los suelos de Apodaca, N. L. a(Monterrey, N.L.) :bEl autor,c1972 a80 h. aTesis (Ing. Agr. Fitotecnista) -- ITESM. Div. de Ciencias Agropecuarias y Matrítimas14aNemátodos parásitos de plantas.